000
00274nam a2200109Ia 4500
008
241202s9999||||xx |||||||||||||| ||und||
020
_a
9781984680648
082
_a
658.15
245
0
_a
Financial Management: World Edition (2nd Edition)
260
_b
3G E-Learning
942
_c
BK
999
_c
4124
_d
4124